banner-ar

MY LIFE: THE AUTOBIOGRAPHY OF AN EGYPTIAN SCHOOLAR, WRITER AND CULTURAL LEADER / (Record no. 14232)

MARC details
000 -الفاتح
حقل البيانات ثابتة الطول 00521nam a2200193Ia 4500
008 - عناصر البيانات ثابتة الطول - معلومات عامة
حقل البيانات ثابتة الطول 140319s9999 xx 000 0 eng d
040 ## - مصدر الفهرسة
وكالة الفهرسة الأصلية GCL /
وكالة النسخ GCL
082 04 - رقم تصنيف ديوى العشرى
رقم التصنيف 928.62
رقم المادة A M
100 1# - المدخل الرئيسى - إسم شخصى
الإسم الشخصى AMIN, AHMAD
245 10 - بيان العنوان
العنوان MY LIFE: THE AUTOBIOGRAPHY OF AN EGYPTIAN SCHOOLAR, WRITER AND CULTURAL LEADER /
بيان المسئوليه,etc AMIN, AHMAD
700 1# - المدخل الاضافى - اسم شخصى
الإسم الشخصى J.BOULLATA, ISSA
260 ## - PUBLICATION, DISTRIBUTION, ETC. (IMPRINT)
تاريخ النشر أو التوزيع 1978
300 ## - الوصف المادى
التعداد 242 P
650 04 - المدخل الاضافى بالموضوع-مصطلح موضوعى
مصطلح موضوعي BIOGRAPHY
650 04 - المدخل الاضافى بالموضوع-مصطلح موضوعى
مصطلح موضوعي AHMAD AMIN
650 04 - المدخل الاضافى بالموضوع-مصطلح موضوعى
مصطلح موضوعي WRITERS
942 ## - عناصر المدخل الإضافي( كوها)
مصدر التصنيف او مخطط الترفيف Dewey Decimal Classification
Koha [default] item type كتاب
260 ## - PUBLICATION, DISTRIBUTION, ETC. (IMPRINT)
-- [S.N] :
-- E.J.BRILL ،
Holdings
حالة التراجع حالة الفقد حالة تلف ليس للاعارة المكان المؤقت الموقع الحالى تاريخ الاكتساب اجمالي اﻻعارات رقم الطلب الباركود تاريخ اخر مشاهدة تاريخ تفعيل السعر نوع وعاء كوها
        مكتبة القاهرة الكبرى مكتبة القاهرة الكبرى 03/26/2014   928.62\A M 26734 03/26/2014 03/26/2014 كتاب

Powered By

EGPV